| 000 | 00665nam a22002057a 4500 | ||
|---|---|---|---|
| 003 | koha_MIRAKIL | ||
| 005 | 20260416110456.0 | ||
| 008 | 260416b tur||||| |||| 00| 0 tur d | ||
| 020 | _a9786053560579 | ||
| 040 |
_aTR-IsEVY _btur _cTR-IsEVY |
||
| 082 | _a398.2 KÖS/K | ||
| 100 | _aKöseoğlu, Hamdullah | ||
| 245 | 0 |
_aKeloğlan masalları / _cHamdullah Köseoğlu ; resimleyen Esra İlter Demirbilek. |
|
| 260 |
_aİstanbul : _bBu Yayınevi, _c2012. |
||
| 300 |
_a215 s. : _brenkli resimli ; _c21 cm. |
||
| 600 | 1 | 4 | _aKeloğlan. |
| 650 |
_aHalk Bilimi. _vMasallar. _vÇocuk Masalları. |
||
| 700 | 1 |
_aDemirbilek, Esrsa İlter. _cresimleyen. |
|
| 942 |
_2ddc _cBK |
||
| 999 |
_c23506 _d23506 |
||